| 000 -LEADER |
| fixed length control field |
00724nam a22001697a 4500 |
| 005 - DATE AND TIME OF LATEST TRANSACTION |
| control field |
20231018164227.0 |
| 008 - FIXED-LENGTH DATA ELEMENTS--GENERAL INFORMATION |
| fixed length control field |
231018s1975 ru ||||| |||| 00| 0 rus d |
| 041 ## - LANGUAGE CODE |
| Language code of text/sound track or separate title |
rus |
| 080 ## - UNIVERSAL DECIMAL CLASSIFICATION NUMBER |
| Universal Decimal Classification number |
902.6 Д-72 |
| 100 ## - MAIN ENTRY--PERSONAL NAME |
| Personal name |
Драчук, В. С. |
| 9 (RLIN) |
20112 |
| 245 ## - TITLE STATEMENT |
| Title |
Системы знаков Северного Причерноморья: |
| Remainder of title |
Тамгообразные знаки северопонтийской периферии антич. мира первых веков нашей эры / |
| Statement of responsibility, etc. |
Виктор Семенович Драчук. |
| 264 ## - PRODUCTION, PUBLICATION, DISTRIBUTION, MANUFACTURE, AND COPYRIGHT NOTICE |
| Place of production, publication, distribution, manufacture |
Киев: |
| Name of producer, publisher, distributor, manufacturer |
Наук. думка, |
| Date of production, publication, distribution, manufacture, or copyright notice |
1975. |
| 300 ## - PHYSICAL DESCRIPTION |
| Extent |
176 с.; |
| Other physical details |
27 см. |
| 653 ## - INDEX TERM--UNCONTROLLED |
| keyword |
ისტორია |
| 653 ## - INDEX TERM--UNCONTROLLED |
| keyword |
არქეოლოგია |
| 942 ## - ADDED ENTRY ELEMENTS (KOHA) |
| Source of classification or shelving scheme |
|
| Koha item type |
წიგნი |